Dimensions of Iqbal / (Record no. 329561)

000 -LEADER
fixed length control field 00765cam a2200241 a 4500
001 - CONTROL NUMBER
control field 1003018
003 - CONTROL NUMBER IDENTIFIER
control field NUST
005 - DATE AND TIME OF LATEST TRANSACTION
control field 20170515102336.0
008 - FIXED-LENGTH DATA ELEMENTS--GENERAL INFORMATION
fixed length control field 881006s1986 pk b 001 0 eng
010 ## - LIBRARY OF CONGRESS CONTROL NUMBER
LC control number 86931835
020 ## - INTERNATIONAL STANDARD BOOK NUMBER
International Standard Book Number 9694160596
040 ## - CATALOGING SOURCE
Original cataloging agency DLC
Transcribing agency DLC
Modifying agency DLC
050 00 - LIBRARY OF CONGRESS CALL NUMBER
Classification number BP80.I6
Item number M854 1986
082 00 - DEWEY DECIMAL CLASSIFICATION NUMBER
Classification number 891.43915
Author Mark MUN
100 1# - MAIN ENTRY--PERSONAL NAME
Personal name Munawwar, Muhammad,
Dates associated with a name 1923-2000.
9 (RLIN) 4
245 10 - TITLE STATEMENT
Title Dimensions of Iqbal /
Statement of responsibility, etc. by Muhammad Munawwar.
250 ## - EDITION STATEMENT
Edition statement 1st ed.
260 ## - PUBLICATION, DISTRIBUTION, ETC.
Place of publication, distribution, etc. Lahore :
Name of publisher, distributor, etc. Iqbal Academy Pakistan,
Date of publication, distribution, etc. 1986.
300 ## - PHYSICAL DESCRIPTION
Extent i, 165 p. ;
Dimensions 23 cm.
504 ## - BIBLIOGRAPHY, ETC. NOTE
Bibliography, etc. note Includes bibliographies and index.
600 10 - SUBJECT ADDED ENTRY--PERSONAL NAME
Personal name Iqbal, Muhammad,
Titles and other words associated with a name Sir,
Dates associated with a name 1877-1938
General subdivision Religion.
9 (RLIN) 5
650 #0 - SUBJECT ADDED ENTRY--TOPICAL TERM
Topical term or geographic name entry element Islam.
9 (RLIN) 174
906 ## - LOCAL DATA ELEMENT F, LDF (RLIN)
a 7
b cbc
c orignew
d 3
e ncip
f 19
g y-gencatlg
942 ## - ADDED ENTRY ELEMENTS (KOHA)
Source of classification or shelving scheme
Koha item type Book
Holdings
Withdrawn status Lost status Source of classification or shelving scheme Damaged status Not for loan Permanent Location Current Location Shelving location Date acquired Total Checkouts Full call number Barcode Checked out Date last seen Date last checked out Copy number Price effective from Koha item type
          Central Library (CL) Central Library (CL) Book Cart 05/15/2017 1 928.91439 MUN CL2490 03/15/2020 02/14/2020 02/14/2020 1 05/15/2017 Book
© 2023 Central Library, National University of Sciences and Technology. All Rights Reserved.